[Event "IECG CM.2005.0.00269 email"]
[Site "IECG email"]
[Date "2005.02.27"]
[Round "?"]
[White "Danzanvilliers, Patrice"]
[Black "La Candia, Juan Miguel"]
[Result "1-0"]
[WhiteElo "2212"]
[BlackElo "2248"]
[PlyCount "41"]
[EventDate "2005.02.27"]
[EventType "tourn (corr)"]
[EventRounds "6"]
[SourceTitle "Corr 2008"]
[Source "ChessBase"]
[SourceDate "2008.06.24"]
[SourceVersion "1"]
[SourceVersionDate "2008.06.24"]
[SourceQuality "1"]

1. e4 Nf6 2. e5 Nd5 3. d4 d6 4. c4 Nb6 5. exd6 cxd6 6. Nc3 g6 7. Be3 Bg7 8. Rc1 0-0 9. b3 e5 10. dxe5 dxe5 11. c5 N6d7 12. Nf3 Nc6 13. Bc4 Qa5 14. 0-0 Nxc5 15. Nd5 Ne6 16. b4 Qd8 17. Re1 Ncd4 18. b5 Bd7 19. a4 Rc8 20. Nxd4 exd4 21. Bd2 1-0

[Event "IECG CM.2005.0.00269 email"]
[Site "IECG email"]
[Date "2005.02.27"]
[Round "?"]
[White "La Candia, Juan Miguel"]
[Black "Daus, Peter"]
[Result "0-1"]
[WhiteElo "2248"]
[BlackElo "2215"]
[PlyCount "40"]
[EventDate "2005.02.27"]
[EventType "tourn (corr)"]
[EventRounds "6"]
[SourceTitle "Corr 2008"]
[Source "ChessBase"]
[SourceDate "2008.06.24"]
[SourceVersion "1"]
[SourceVersionDate "2008.06.24"]
[SourceQuality "1"]

1. Nf3 d5 2. d4 Nc6 3. c4 Bg4 4. Nc3 e6 5. cxd5 exd5 6. Bf4 Bxf3 7. gxf3 Bd6 8. Bg3 Nge7 9. e3 h5 10. a3 h4 11. Bxd6 Qxd6 12. Bh3 f5 13. f4 0-0-0 14. Rg1 Rdg8 15. Qc2 Kb8 16. 0-0-0 g6 17. Kb1 Nd8 18. Na4 Ne6 19. Rc1 c6 20. Ka1 b6 0-1

[Event "IECG CM.2005.0.00269 email"]
[Site "IECG email"]
[Date "2005.02.27"]
[Round "?"]
[White "La Candia, Juan Miguel"]
[Black "Hagglund, Jan Olof"]
[Result "0-1"]
[WhiteElo "2248"]
[BlackElo "2144"]
[PlyCount "38"]
[EventDate "2005.02.27"]
[EventType "tourn (corr)"]
[EventRounds "6"]
[SourceTitle "Corr 2008"]
[Source "ChessBase"]
[SourceDate "2008.06.24"]
[SourceVersion "1"]
[SourceVersionDate "2008.06.24"]
[SourceQuality "1"]

1. Nf3 d5 2. d4 Nf6 3. c4 c6 4. Nc3 dxc4 5. a4 Bf5 6. Nh4 e6 7. Nxf5 exf5 8. e3 Bb4 9. Bxc4 0-0 10. 0-0 Nbd7 11. Qc2 g6 12. f3 Rc8 13. Ba2 Nb6 14. Kh1 c5 15. dxc5 Rxc5 16. e4 Bxc3 17. bxc3 Qc7 18. Bh6 Re8 19. Qf2 Nbd7 0-1

[Event "IECG WC.2006.S.00006 email"]
[Site "IECG email"]
[Date "2004.07.18"]
[Round "?"]
[White "Hnatovsky, Nicholas"]
[Black "La Candia, Juan Miguel"]
[Result "1-0"]
[WhiteElo "2310"]
[BlackElo "2247"]
[PlyCount "95"]
[EventDate "2004.07.18"]
[EventType "tourn (corr)"]
[EventRounds "10"]
[SourceTitle "Corr 2008"]
[Source "ChessBase"]
[SourceDate "2008.06.24"]
[SourceVersion "1"]
[SourceVersionDate "2008.06.24"]
[SourceQuality "1"]

1. d4 d5 2. c4 e6 3. Nc3 Nf6 4. cxd5 exd5 5. Bg5 Be7 6. e3 c6 7. Bd3 Nbd7 8. Qc2 Nh5 9. Bxe7 Qxe7 10. Nge2 g6 11. 0-0-0 Nb6 12. Kb1 Ng7 13. Ng3 Be6 14. h4 h5 15. Na4 Nxa4 16. Qxa4 a5 17. Rc1 0-0 18. Qd1 a4 19. Qf3 Bd7 20. Qf4 Rfe8 21. Ne2 b5 22. Ka1 Rac8 23. Nc3 a3 24. b3 Bg4 25. Rc2 Ne6 26. Qe5 Qd8 27. Qh2 c5 28. Nxb5 cxd4 29. Rxc8 Qxc8 30. Qd6 dxe3 31. fxe3 Nc5 32. Bxg6 Re6 33. Bxf7+ Kxf7 34. Qxd5 Ne4 35. Qd4 Ng3 36. Qf4+ Nf5 37. Nxa3 Rxe3 38. Nc4 Qh8+ 39. Kb1 Re2 40. Rc1 Qd4 41. Qxd4 Nxd4 42. g3 Ke6 43. Ka1 Nc2+ 44. Kb2 Nb4+ 45. Ka3 Nxa2 46. Rd1 Nc3 47. Rd3 Ne4 48. Na5 1-0

[Event "IECG WC.2006.S.00006 email"]
[Site "IECG email"]
[Date "2004.07.18"]
[Round "?"]
[White "La Candia, Juan Miguel"]
[Black "Bendig, Frank"]
[Result "0-1"]
[WhiteElo "2247"]
[BlackElo "2376"]
[PlyCount "72"]
[EventDate "2004.07.18"]
[EventType "tourn (corr)"]
[EventRounds "10"]
[SourceTitle "Corr 2008"]
[Source "ChessBase"]
[SourceDate "2008.06.24"]
[SourceVersion "1"]
[SourceVersionDate "2008.06.24"]
[SourceQuality "1"]

1. Nf3 Nf6 2. c4 c5 3. Nc3 e6 4. g3 b6 5. Bg2 Bb7 6. 0-0 Be7 7. Re1 d5 8. cxd5 exd5 9. d4 0-0 10. Bf4 Nbd7 11. dxc5 Nxc5 12. Rc1 Nfe4 13. Nd4 Bf6 14. Bh3 Nxc3 15. Rxc3 Re8 16. Rc2 Re4 17. Be3 Rxe3 18. fxe3 Qe7 19. Rc3 Ne4 20. Rd3 Bg5 21. Rf1 Nd6 22. Bg2 Bxe3+ 23. Kh1 Rc8 24. Nc2 Bg5 25. Rc3 Rxc3 26. bxc3 Ne4 27. Qd4 h5 28. Qb4 Qd7 29. Nd4 Ba6 30. Qb2 Be3 31. Bxe4 dxe4 32. Nf5 Bc5 33. Qc2 Qd5 34. Nh4 Qc4 35. Re1 g6 36. e3 Qd3 0-1

[Event "IECG WC.2006.S.00006 email"]
[Site "IECG email"]
[Date "2004.07.18"]
[Round "?"]
[White "Percze, Janos"]
[Black "La Candia, Juan Miguel"]
[Result "1-0"]
[WhiteElo "2342"]
[BlackElo "2247"]
[PlyCount "57"]
[EventDate "2004.07.18"]
[EventType "tourn (corr)"]
[EventRounds "10"]
[SourceTitle "Corr 2008"]
[Source "ChessBase"]
[SourceDate "2008.06.24"]
[SourceVersion "1"]
[SourceVersionDate "2008.06.24"]
[SourceQuality "1"]

1. e4 d6 2. d4 Nf6 3. f3 d5 4. e5 Ng8 5. c4 dxc4 6. Bxc4 e6 7. f4 Ne7 8. Nc3 Nbc6 9. Nf3 a6 10. Be3 Nb4 11. Bf2 b5 12. Be2 Nbd5 13. Qc1 Bb7 14. 0-0 Qd7 15. a4 b4 16. Nxd5 Nxd5 17. Bh4 Rb8 18. Qd2 b3 19. Bg3 Nb4 20. f5 exf5 21. e6 fxe6 22. Ne5 Qd8 23. Bc4 Bd5 24. Qe2 Bxc4 25. Qxc4 Qd5 26. Qxc7 Qb7 27. Qc4 Nd5 28. Qe2 Rc8 29. Nc4 1-0

[Event "IECG WC.2003.F.00002 email"]
[Site "IECG email"]
[Date "2003.12.20"]
[Round "?"]
[White "La Candia, Juan Miguel"]
[Black "Feagin, Joe R"]
[Result "0-1"]
[WhiteElo "2305"]
[BlackElo "2329"]
[PlyCount "68"]
[EventDate "2003.12.20"]
[EventType "tourn (corr)"]
[EventRounds "14"]
[SourceTitle "Corr 2008"]
[Source "ChessBase"]
[SourceDate "2008.06.24"]
[SourceVersion "1"]
[SourceVersionDate "2008.06.24"]
[SourceQuality "1"]

1. d4 Nf6 2. c4 g6 3. Nc3 Bg7 4. e4 d6 5. h3 Na6 6. Nf3 0-0 7. Bg5 c5 8. d5 Nc7 9. Bd3 e5 10. 0-0 Qe8 11. Qd2 Kh8 12. a3 Nd7 13. b4 f5 14. Bh6 f4 15. Bxg7+ Kxg7 16. Bc2 Qe7 17. Ba4 b6 18. Bc6 Rb8 19. Rfb1 h6 20. Rb3 Ba6 21. b5 Bc8 22. a4 Nf6 23. a5 g5 24. axb6 axb6 25. Ra7 Rf7 26. Qe1 g4 27. hxg4 Kg8 28. Nh2 Nxg4 29. Nf3 Qf6 30. Qe2 Qg6 31. Rb2 Rg7 32. Nh4 Qh5 33. Nf3 Nf6 34. Ne1 Qh4 0-1

[Event "IECG CP.2003.P.00022 email"]
[Site "IECG email"]
[Date "2003.10.01"]
[Round "?"]
[White "La Candia, Juan Miguel"]
[Black "Forkel, David Alan"]
[Result "1-0"]
[WhiteElo "2296"]
[BlackElo "1190"]
[PlyCount "33"]
[EventDate "2003.10.01"]
[EventType "tourn (corr)"]
[EventRounds "6"]
[EventCountry "NED"]
[SourceTitle "Corr 2008"]
[Source "ChessBase"]
[SourceDate "2008.06.24"]
[SourceVersion "1"]
[SourceVersionDate "2008.06.24"]
[SourceQuality "1"]

1. Nf3 Nc6 2. d4 d5 3. c4 dxc4 4. e3 Bg4 5. Bxc4 e6 6. Nc3 Bb4 7. a3 Ba5 8. b4 Bb6 9. Bb2 Nf6 10. d5 exd5 11. Nxd5 0-0 12. Nxf6+ gxf6 13. Qc2 Bxf3 14. gxf3 Ne5 15. Qf5 Ng6 16. Rd1 Qe8 17. Qxf6 1-0

[Event "IECG CP.2002.Q.00015 email"]
[Site "IECG email"]
[Date "2003.10.01"]
[Round "?"]
[White "La Candia, Juan Miguel"]
[Black "Jensen, John Oland"]
[Result "1/2-1/2"]
[WhiteElo "2296"]
[BlackElo "2050"]
[PlyCount "72"]
[EventDate "2003.10.01"]
[EventType "tourn (corr)"]
[EventRounds "10"]
[SourceTitle "Corr 2008"]
[Source "ChessBase"]
[SourceDate "2008.06.24"]
[SourceVersion "1"]
[SourceVersionDate "2008.06.24"]
[SourceQuality "1"]

1. Nf3 d5 2. g3 Nf6 3. Bg2 c6 4. 0-0 Bg4 5. d3 e6 6. Nbd2 Nbd7 7. b3 Bd6 8. Bb2 e5 9. h3 Be6 10. Ng5 0-0 11. Nxe6 fxe6 12. e4 a5 13. a4 Qe8 14. Qe2 Qg6 15. Nf3 Rad8 16. Rad1 Rde8 17. Qd2 b6 18. Qc1 Qh5 19. Qa1 d4 20. c3 c5 21. Qc1 Re7 22. Nd2 Ne8 23. Rde1 Ref7 24. h4 Qg6 25. Qd1 h5 26. Nc4 Be7 27. Re2 Nd6 28. Bc1 dxc3 29. Rc2 Nc8 30. Rxc3 Na7 31. Be3 Nc6 32. Kh2 Nd4 33. Bh3 Nf3+ 34. Kh1 Bd8 35. Rc1 Nb8 36. b4 axb4 1/2-1/2

[Event "IECG CP.2003.P.00022 email"]
[Site "IECG email"]
[Date "2003.10.01"]
[Round "?"]
[White "La Candia, Juan Miguel"]
[Black "Ottenweller, Wolfgang"]
[Result "0-1"]
[WhiteElo "2296"]
[BlackElo "2013"]
[PlyCount "66"]
[EventDate "2003.10.01"]
[EventType "tourn (corr)"]
[EventRounds "6"]
[EventCountry "NED"]
[SourceTitle "Corr 2008"]
[Source "ChessBase"]
[SourceDate "2008.06.24"]
[SourceVersion "1"]
[SourceVersionDate "2008.06.24"]
[SourceQuality "1"]

1. Nf3 Nc6 2. d4 d5 3. c4 Bg4 4. Qa4 Bxf3 5. exf3 e6 6. Nc3 Nge7 7. cxd5 exd5 8. Bb5 a6 9. Bxc6+ Nxc6 10. 0-0 b5 11. Qd1 Be7 12. Be3 Qd7 13. Rc1 Na5 14. Bf4 0-0 15. Qc2 Rac8 16. Qd3 Rfe8 17. h3 Bf6 18. Ne2 Nb7 19. Be3 Nd6 20. b3 Nf5 21. Bd2 c6 22. Bb4 a5 23. Bc5 Nd6 24. Rfe1 Nb7 25. Bb6 Bg5 26. Rc2 Ra8 27. Rb1 a4 28. b4 Nd6 29. Bc5 Nc4 30. Ng3 Re6 31. Re2 Rxe2 32. Nxe2 Re8 33. f4 Qe6 0-1

[Event "IECG WC.2005.S.00002 email"]
[Site "IECG email"]
[Date "2003.05.19"]
[Round "?"]
[White "La Candia, Juan Miguel"]
[Black "De Silva, Dinesh"]
[Result "1/2-1/2"]
[WhiteElo "2300"]
[BlackElo "2255"]
[PlyCount "54"]
[EventDate "2003.05.19"]
[EventType "tourn (corr)"]
[EventRounds "10"]
[SourceTitle "Corr 2008"]
[Source "ChessBase"]
[SourceDate "2008.06.24"]
[SourceVersion "1"]
[SourceVersionDate "2008.06.24"]
[SourceQuality "1"]

1. Nf3 Nf6 2. g3 e6 3. Bg2 d5 4. 0-0 b6 5. c4 Bb7 6. d4 dxc4 7. Qa4+ Nbd7 8. Qxc4 Be7 9. Nc3 c5 10. dxc5 Bxc5 11. b4 Be7 12. Bb2 Rc8 13. Qb3 0-0 14. Rfd1 Qc7 15. Rac1 Qb8 16. Ba1 Rfd8 17. a3 Qa8 18. Nb5 Rxc1 19. Rxc1 a5 20. Bc3 Rc8 21. bxa5 Bd5 22. Qd1 bxa5 23. Bd4 Rxc1 24. Qxc1 a4 25. Qc7 Qb7 26. Qxb7 Bxb7 27. Nc3 Bxa3 1/2-1/2

[Event "IECG WC.2005.S.00002 email"]
[Site "IECG email"]
[Date "2003.05.19"]
[Round "?"]
[White "La Candia, Juan Miguel"]
[Black "Winiarski, Michael L"]
[Result "1-0"]
[WhiteElo "2300"]
[BlackElo "2185"]
[PlyCount "83"]
[EventDate "2003.05.19"]
[EventType "tourn (corr)"]
[EventRounds "10"]
[SourceTitle "Corr 2008"]
[Source "ChessBase"]
[SourceDate "2008.06.24"]
[SourceVersion "1"]
[SourceVersionDate "2008.06.24"]
[SourceQuality "1"]

1. d4 Nf6 2. c4 d6 3. Nc3 g6 4. e4 Bg7 5. h3 0-0 6. Bg5 c5 7. d5 e6 8. Bd3 exd5 9. cxd5 Qa5 10. Nf3 b5 11. 0-0 b4 12. Ne2 c4 13. Bc2 Ba6 14. Re1 Rc8 15. Bd2 Nfd7 16. a3 c3 17. bxc3 bxc3 18. Bf4 Qb6 19. Rb1 Qc5 20. Qc1 Nb6 21. Be3 Qa5 22. Ned4 Nc4 23. Bh6 Bf6 24. Qf4 Qd8 25. Rb3 Be5 26. Qc1 Na5 27. Rb4 Bf6 28. e5 dxe5 29. Nxe5 Bxe5 30. Rxe5 Nd7 31. Qf4 Nc4 32. Nc6 Rxc6 33. dxc6 Ndxe5 34. c7 Qxc7 35. Qf6 Nf3+ 36. gxf3 Qe5 37. Qxa6 Qh5 38. Qxa7 Rf8 39. Rxc4 Qxh6 40. Qe3 Qxh3 41. Qxc3 Qh6 42. Qe3 1-0

[Event "IECG CM.2003.0.00213 email"]
[Site "IECG email"]
[Date "2003.03.04"]
[Round "?"]
[White "Nenciulescu, Silviu Catalin"]
[Black "La Candia, Juan Miguel"]
[Result "1/2-1/2"]
[WhiteElo "2208"]
[BlackElo "2299"]
[PlyCount "41"]
[EventDate "2003.03.04"]
[EventType "tourn (corr)"]
[EventRounds "6"]
[SourceTitle "Corr 2008"]
[Source "ChessBase"]
[SourceDate "2008.06.24"]
[SourceVersion "1"]
[SourceVersionDate "2008.06.24"]
[SourceQuality "1"]

1. d4 Nf6 2. c4 e6 3. Nf3 c5 4. d5 exd5 5. cxd5 d6 6. Nc3 g6 7. e4 a6 8. h3 b5 9. Bd3 Bg7 10. 0-0 0-0 11. a3 Re8 12. Re1 Nbd7 13. Bf4 Qb6 14. Qd2 c4 15. Bc2 Bb7 16. Be3 Nc5 17. Bd4 Rac8 18. Rad1 Qd8 19. e5 Nxd5 20. exd6 Nxc3 21. Rxe8+ 1/2-1/2

[Event "IECG CM.2003.0.00213 email"]
[Site "IECG email"]
[Date "2003.03.04"]
[Round "?"]
[White "Sacerdotali, Sergio"]
[Black "La Candia, Juan Miguel"]
[Result "0-1"]
[WhiteElo "2234"]
[BlackElo "2299"]
[PlyCount "82"]
[EventDate "2003.03.04"]
[EventType "tourn (corr)"]
[EventRounds "6"]
[SourceTitle "Corr 2008"]
[Source "ChessBase"]
[SourceDate "2008.06.24"]
[SourceVersion "1"]
[SourceVersionDate "2008.06.24"]
[SourceQuality "1"]

1. e4 d6 2. d4 Nf6 3. f3 d5 4. e5 Ng8 5. Be3 Bf5 6. g4 Bc8 7. Nh3 h5 8. g5 Bf5 9. Qd2 Qd7 10. Nf4 e6 11. Nc3 Nc6 12. a3 Nge7 13. 0-0-0 Na5 14. Bb5 c6 15. Bd3 Nc4 16. Bxc4 dxc4 17. Rhg1 0-0-0 18. d5 Nxd5 19. Nfxd5 exd5 20. Bxa7 b5 21. Qd4 Qe7 22. Bb6 Rd7 23. h4 Kb7 24. Qe3 c5 25. Nxd5 Qe6 26. Bxc5 Rxd5 27. Bxf8 Rxf8 28. Rxd5 Qxd5 29. Rd1 Qc6 30. Rd6 Qc7 31. Qd4 Bc8 32. Qd5+ Kb8 33. Qxb5+ Bb7 34. f4 g6 35. c3 Qc8 36. Rf6 Qh3 37. Kb1 Qh1+ 38. Ka2 Qd5 39. Qb4 Rc8 40. e6 fxe6 41. Rxe6 Qxe6 0-1

[Event "IECG CM.2002.0.00205 email"]
[Site "IECG email"]
[Date "2002.12.27"]
[Round "?"]
[White "Koch, Christian"]
[Black "La Candia, Juan Miguel"]
[Result "1/2-1/2"]
[WhiteElo "2208"]
[BlackElo "2313"]
[PlyCount "63"]
[EventDate "2002.12.27"]
[EventType "tourn (corr)"]
[EventRounds "6"]
[SourceTitle "Corr 2008"]
[Source "ChessBase"]
[SourceDate "2008.06.24"]
[SourceVersion "1"]
[SourceVersionDate "2008.06.24"]
[SourceQuality "1"]

1. e4 d6 2. d4 Nf6 3. Nc3 g6 4. Nf3 Bg7 5. Be3 a6 6. Bd3 0-0 7. 0-0 Nbd7 8. Qe2 Ng4 9. Bg5 h6 10. Bh4 c5 11. e5 dxe5 12. dxc5 Nxc5 13. Rad1 Nxd3 14. Rxd3 Qb6 15. Nd5 Qxb2 16. a3 e4 17. Qxe4 Qxc2 18. Nxe7+ Kh8 19. h3 Nf6 20. Qe3 Ng8 21. Rc1 Qa4 22. Ne5 Kh7 23. Rc4 Qb5 24. Rd5 Qb2 25. Rc7 Bf5 26. Nxf5 Qb1+ 27. Kh2 Qxf5 28. f4 Rae8 29. Qb3 Nf6 30. Bxf6 Qxf6 31. Qf3 Qb6 32. Rdd7 1/2-1/2

[Event "IECG CM.2002.0.00205 email"]
[Site "IECG email"]
[Date "2002.12.27"]
[Round "?"]
[White "La Candia, Juan Miguel"]
[Black "Heyn, Wolfgang"]
[Result "1-0"]
[WhiteElo "2313"]
[BlackElo "2234"]
[PlyCount "41"]
[EventDate "2002.12.27"]
[EventType "tourn (corr)"]
[EventRounds "6"]
[SourceTitle "Corr 2008"]
[Source "ChessBase"]
[SourceDate "2008.06.24"]
[SourceVersion "1"]
[SourceVersionDate "2008.06.24"]
[SourceQuality "1"]

1. Nf3 d5 2. g3 Nf6 3. Bg2 c6 4. 0-0 Bg4 5. d3 Nbd7 6. Nbd2 e5 7. h3 Bh5 8. e4 Bd6 9. exd5 cxd5 10. c4 d4 11. Qe2 0-0 12. g4 Bg6 13. Nh4 Rb8 14. Nxg6 fxg6 15. a3 Nc5 16. b4 Ne6 17. Nf3 Nd7 18. c5 Bc7 19. Qa2 Re8 20. Ng5 Ndf8 21. f4 1-0

[Event "IECG CP.2002.P.00023 email"]
[Site "IECG email"]
[Date "2002.10.01"]
[Round "?"]
[White "Grout, Stephen C"]
[Black "La Candia, Juan Miguel"]
[Result "1/2-1/2"]
[WhiteElo "1963"]
[BlackElo "2296"]
[PlyCount "70"]
[EventDate "2002.10.01"]
[EventType "tourn (corr)"]
[EventRounds "6"]
[EventCountry "USA"]
[SourceTitle "Corr 2008"]
[Source "ChessBase"]
[SourceDate "2008.06.24"]
[SourceVersion "1"]
[SourceVersionDate "2008.06.24"]
[SourceQuality "1"]

1. e4 d6 2. d4 Nf6 3. Nc3 g6 4. Be3 c6 5. Qd2 b5 6. Bd3 Nbd7 7. Nf3 e5 8. dxe5 dxe5 9. h3 Bb7 10. a4 a6 11. 0-0 Bg7 12. Ne2 Qe7 13. Ng3 Nc5 14. Qb4 Nxd3 15. Qxe7+ Kxe7 16. cxd3 Nd7 17. b4 a5 18. bxa5 Rxa5 19. axb5 Rxa1 20. Rxa1 cxb5 21. Kf1 Ra8 22. Rxa8 Bxa8 23. Ke2 Ke8 24. Kd2 Bf8 25. Kc2 Bb7 26. Nd2 f5 27. exf5 Bxg2 28. h4 gxf5 29. Nxf5 Kf7 30. Ne4 Nf6 31. Nfg3 Nxe4 32. dxe4 Be7 33. h5 Bf3 34. Kd3 Bf8 35. Bb6 Ke6 1/2-1/2

[Event "IECG CP.2002.P.00023 email"]
[Site "IECG email"]
[Date "2002.10.01"]
[Round "?"]
[White "La Candia, Juan Miguel"]
[Black "Boschi, Dante"]
[Result "1-0"]
[WhiteElo "2296"]
[BlackElo "1001"]
[PlyCount "63"]
[EventDate "2002.10.01"]
[EventType "tourn (corr)"]
[EventRounds "6"]
[EventCountry "USA"]
[SourceTitle "Corr 2008"]
[Source "ChessBase"]
[SourceDate "2008.06.24"]
[SourceVersion "1"]
[SourceVersionDate "2008.06.24"]
[SourceQuality "1"]

1. d4 d5 2. c4 e6 3. Nc3 Be7 4. Nf3 Nf6 5. Bf4 0-0 6. e3 b6 7. Rc1 Ba6 8. cxd5 Bxf1 9. Kxf1 Nxd5 10. Nxd5 exd5 11. Rxc7 Bd6 12. Bxd6 Qxd6 13. Rc3 Nd7 14. Qc2 Nf6 15. g3 Ne4 16. Rc6 Qd7 17. Kg2 f6 18. Rc7 Rac8 19. Rc1 Rxc7 20. Qxc7 Qxc7 21. Rxc7 Rf7 22. Rc8+ Rf8 23. Rc6 Rf7 24. Ne1 f5 25. Nd3 Rf6 26. Nb4 Rxc6 27. Nxc6 Kf7 28. Nxa7 Nd6 29. a4 g5 30. Nb5 Nc8 31. Nc7 Ne7 32. b4 1-0

[Event "IECG CM.2002.0.00188 email"]
[Site "IECG email"]
[Date "2002.07.22"]
[Round "?"]
[White "Miras Garcia, Eduardo"]
[Black "La Candia, Juan Miguel"]
[Result "0-1"]
[WhiteElo "2213"]
[BlackElo "2290"]
[PlyCount "72"]
[EventDate "2002.07.22"]
[EventType "tourn (corr)"]
[EventRounds "6"]
[SourceTitle "Corr 2008"]
[Source "ChessBase"]
[SourceDate "2008.06.24"]
[SourceVersion "1"]
[SourceVersionDate "2008.06.24"]
[SourceQuality "1"]

1. e4 d6 2. d4 Nf6 3. Nc3 g6 4. Be3 c6 5. Qd2 b5 6. Bd3 Nbd7 7. Nf3 e5 8. 0-0 Bb7 9. Rfd1 exd4 10. Bxd4 Bg7 11. Be3 0-0 12. Bh6 Re8 13. Bxg7 Kxg7 14. a3 Qb6 15. Qf4 Ne5 16. Be2 Rad8 17. Nxe5 dxe5 18. Qg3 Rd4 19. Bd3 a6 20. Qe3 c5 21. f3 c4 22. Be2 Red8 23. Qf2 Qc7 24. Bf1 Rxd1 25. Rxd1 Rxd1 26. Nxd1 Qd6 27. Ne3 Nd7 28. a4 c3 29. bxc3 bxa4 30. Nc4 Qc5 31. Qxc5 Nxc5 32. Nxe5 a3 33. Bc4 a5 34. Nxf7 Ba6 35. Bd5 Na4 36. Nd6 Nxc3 0-1

[Event "IECG WC.2004.S.00001 email"]
[Site "IECG email"]
[Date "2002.05.08"]
[Round "?"]
[White "Soentges, Karl Heinz"]
[Black "La Candia, Juan Miguel"]
[Result "1/2-1/2"]
[WhiteElo "2313"]
[BlackElo "2312"]
[PlyCount "68"]
[EventDate "2002.05.08"]
[EventType "tourn (corr)"]
[EventRounds "8"]
[SourceTitle "Corr 2008"]
[Source "ChessBase"]
[SourceDate "2008.06.24"]
[SourceVersion "1"]
[SourceVersionDate "2008.06.24"]
[SourceQuality "1"]

1. e4 d6 2. d4 Nf6 3. Nc3 g6 4. f4 Bg7 5. Nf3 c5 6. dxc5 Qa5 7. Qd3 Qxc5 8. Be3 Qa5 9. e5 dxe5 10. Qb5+ Qxb5 11. Bxb5+ Bd7 12. Nxe5 Bc6 13. 0-0 Nfd7 14. Nxc6 Nxc6 15. Rad1 Bxc3 16. bxc3 a6 17. Bxc6 bxc6 18. Rd3 f6 19. Rfd1 0-0-0 20. c4 Rhe8 21. Ra3 Kc7 22. Rad3 Kc8 23. Kf2 e5 24. Rd6 Nb8 25. c5 Rd7 26. g4 Rf7 27. f5 Rg8 28. Kf3 Rd7 29. Ke4 g5 30. R1d3 Rxd6 31. cxd6 Rg7 32. Rb3 Rd7 33. Bc5 Rb7 34. Rxb7 Kxb7 1/2-1/2

[Event "IECG CP.2000.Q.00014"]
[Site "IECG email"]
[Date "2001.10.01"]
[Round "?"]
[White "Gornoi, Meelik"]
[Black "La Candia, Juan Miguel"]
[Result "1-0"]
[WhiteElo "1943"]
[BlackElo "2340"]
[PlyCount "79"]
[EventDate "2001.10.01"]
[EventType "tourn (corr)"]
[EventRounds "6"]
[SourceTitle "Corr 2008"]
[Source "ChessBase"]
[SourceDate "2008.06.24"]
[SourceVersion "1"]
[SourceVersionDate "2008.06.24"]
[SourceQuality "1"]

1. e4 c5 2. Nf3 Nc6 3. d4 cxd4 4. Nxd4 g6 5. c4 Bg7 6. Be3 Nf6 7. Nc3 0-0 8. Be2 d6 9. 0-0 Bd7 10. Qd2 Nxd4 11. Bxd4 Bc6 12. f3 a5 13. b3 Nd7 14. Be3 Nc5 15. Rab1 Qb6 16. Rfc1 Rfc8 17. Rc2 Qd8 18. a3 h5 19. Bf1 Bd7 20. Nd5 e6 21. Nc3 Qe7 22. Bg5 Qf8 23. Bf4 e5 24. Be3 a4 25. b4 Nb3 26. Qd1 Nd4 27. Bxd4 exd4 28. Nd5 Qd8 29. Bd3 Be6 30. f4 Bxd5 31. exd5 Bh6 32. f5 Be3+ 33. Kh1 Qg5 34. c5 gxf5 35. c6 Rc7 36. b5 b6 37. Qf3 f4 38. g3 fxg3 39. Rg2 Bf4 40. hxg3 1-0

[Event "IECG CP.2000.Q.00014"]
[Site "IECG email"]
[Date "2001.10.01"]
[Round "?"]
[White "Klein, Robert"]
[Black "La Candia, Juan Miguel"]
[Result "1/2-1/2"]
[WhiteElo "2090"]
[BlackElo "2340"]
[PlyCount "64"]
[EventDate "2001.10.01"]
[EventType "tourn (corr)"]
[EventRounds "6"]
[SourceTitle "Corr 2008"]
[Source "ChessBase"]
[SourceDate "2008.06.24"]
[SourceVersion "1"]
[SourceVersionDate "2008.06.24"]
[SourceQuality "1"]

1. c4 Nf6 2. Nc3 e5 3. Nf3 Nc6 4. g3 Bb4 5. Bg2 0-0 6. 0-0 e4 7. Ne1 Bxc3 8. dxc3 h6 9. Nc2 Re8 10. Ne3 d6 11. Qc2 a5 12. b3 a4 13. b4 Ne5 14. Rd1 Qe7 15. Nd5 Nxd5 16. cxd5 f5 17. c4 Bd7 18. a3 Qf7 19. Bf4 Ng6 20. Be3 Ne5 21. Bd4 b5 22. Bxe5 Rxe5 23. e3 bxc4 24. Bf1 Ra7 25. Qxc4 Qe8 26. Rac1 Qb8 27. Rc3 Be8 28. Be2 Bf7 29. Qa2 Kh7 30. Bc4 Qb7 31. Rd4 Bh5 32. Qd2 Qb8 1/2-1/2